000 00607nam a2200229Ia 4500
003 OSt
005 20221007081516.0
006 a|||||r|||| 00| 0
007 ta
008 221006b |||||||| |||| 00| 0 eng d
024 _a27,865
037 _cTextual
040 _aFLL
_cFLL
_beng
041 _2eng
_aeng
082 _aZ73,1227VN76, M0
100 _aHalen Lynne Carol
_9697433
245 0 _aDivorce reform
260 _aNew York
_bThe Free Press New
_c1980
300 _axii,340p
_ccm.
942 _hZ73,1227VN76, M0
_cTEXL
_2CC
999 _c1163274
_d1163274